A Course module for ethics / (Record no. 68975)

MARC details
000 -LEADER
fixed length control field 01416nam a22003497i 4500
003 - CONTROL NUMBER IDENTIFIER
control field URS
005 - DATE AND TIME OF LATEST TRANSACTION
control field 20250428154243.0
008 - FIXED-LENGTH DATA ELEMENTS--GENERAL INFORMATION
fixed length control field 220523b ||||| |||| 00| 0 eng d
020 ## - INTERNATIONAL STANDARD BOOK NUMBER
International Standard Book Number 9786210422108
040 ## - CATALOGING SOURCE
Original cataloging agency CvSU-CCAT Campus Library
Language of cataloging English
Transcribing agency CvSU-CCAT Campus Library
Description conventions rda
Transcribing agency URS
050 14 - LIBRARY OF CONGRESS CALL NUMBER
Classification number BJ1012
Item number .C72 2021
245 ## - TITLE STATEMENT
Title A Course module for ethics /
Statement of responsibility, etc Oscar G. Bulaong, Jr...[and four others]; Greg Tabios Pawilen, coordinator.
250 ## - EDITION STATEMENT
Edition statement 2021 edition.
264 #1 - PUBLICATION, DISTRIBUTION, ETC. (IMPRINT)
Place of publication, distribution, etc Manila :
Name of publisher, distributor, etc Rex Book Store,
Date of publication, distribution, etc ©2021.
300 ## - PHYSICAL DESCRIPTION
Extent vi, 117 pages ;
Dimensions 26 cm.
336 ## - CONTENT TYPE
Content type term text
Content type code txt
Source rdacontent
337 ## - MEDIA TYPE
Media type term unmediated
Media type code n
Source rdamedia
338 ## - CARRIER TYPE
Carrier type term volume
Carrier type code nc
Source rdacarrier
490 ## - SERIES STATEMENT
Series statement (GEC series)
501 ## - WITH NOTE
With note Outcomes-Based Education (OBE).
504 ## - BIBLIOGRAPHY, ETC. NOTE
Bibliography, etc Includes bibliographical references.
505 ## - FORMATTED CONTENTS NOTE
Formatted contents note Unit 1 : The ethical dimension of humane existence Unit 2 : Utilitarianism Unit 3 : Natural law Unit 4 : Deontology Unit 5 : Virtue ethics Unit 6 : Synthesis : making informed decisions
546 ## - LANGUAGE NOTE
Language note In English text.
650 #0 - SUBJECT ADDED ENTRY--TOPICAL TERM
Topical term or geographic name as entry element Ethics.
9 (RLIN) 30
700 ## - ADDED ENTRY--PERSONAL NAME
Personal name Bulaong Jr., Oscar G.,
Relator term author.
9 (RLIN) 1180
700 ## - ADDED ENTRY--PERSONAL NAME
Personal name Lagliva, Albert M.,
Relator term author.
9 (RLIN) 4660
700 ## - ADDED ENTRY--PERSONAL NAME
Personal name Mariano, Michael Ner E.,
Relator term author.
9 (RLIN) 4661
700 ## - ADDED ENTRY--PERSONAL NAME
Personal name Calano, Mark Joseph T.,
Relator term author.
9 (RLIN) 4001
700 ## - ADDED ENTRY--PERSONAL NAME
Personal name Principe, Jesus Deogracias Z.,
Relator term author.
9 (RLIN) 4662
700 ## - ADDED ENTRY--PERSONAL NAME
Personal name Pawilen, Greg Tabios.,
9 (RLIN) 1160
Relator term coordinator.
942 ## - ADDED ENTRY ELEMENTS (KOHA)
Source of classification or shelving scheme Library of Congress Classification
Koha item type Filipiniana
Holdings
Withdrawn status Lost status Source of classification or shelving scheme Damaged status Not for loan Home library Current library Shelving location Date acquired Total Checkouts Full call number Barcode Date last seen Price effective from Koha item type Source of acquisition Collection code Copy number
    Library of Congress Classification     Antipolo College Library Antipolo College Library   07/28/2023   BJ1012 .C72 2021 URSANT - 05583 07/28/2023 07/28/2023 Filipiniana      
    Library of Congress Classification     Binangonan College Library Binangonan College Library Filipiniana Section 03/23/2023   BJ 1012 C72 2021 URSBIN-3648 03/23/2023 03/23/2023 Filipiniana Purchased    
    Library of Congress Classification     Morong College Library Morong College Library New Materials Shelf 04/20/2023   BJ 1012 C72 2021 URSMOR-CL-28877 04/20/2023   Filipiniana   Non-fiction  
    Library of Congress Classification     Tanay College Library Tanay College Library Reserve Section 12/27/2022   BJ 1012 C72 2021 URSTAN-N3225 03/17/2023 03/17/2023 Filipiniana      
    Library of Congress Classification     Taytay College Library Taytay College Library Filipiniana Section 05/18/2023   BJ1012 .C72 2021 URSTAY-5127 06/02/2025   Filipiniana Purchased Non-fiction 1
    Library of Congress Classification     Taytay College Library Taytay College Library Filipiniana Section 05/18/2023   BJ1012 .C72 2021 URSTAY-5128 06/02/2025   Filipiniana Purchased Non-fiction 2
    Library of Congress Classification     Taytay College Library Taytay College Library Filipiniana Section 05/18/2023   BJ1012 .C72 2021 URSTAY-5129 06/02/2025   Filipiniana Purchased Non-fiction 3
    Library of Congress Classification     Taytay College Library Taytay College Library Filipiniana Section 04/28/2025   BJ1012 .C72 2021 URSTAY-5251 06/02/2025   Filipiniana Purchased   4
    Library of Congress Classification     Taytay College Library Taytay College Library Filipiniana Section 04/28/2025   BJ1012 .C72 2021 URSTAY-5252 06/02/2025   Filipiniana Purchased   5

University of Rizal System
Email us at univlibservices@urs.edu.ph

Visit our Website www.urs.edu.ph/library